Rural urban interrelations of muslims in Meerut region (Record no. 19649)

MARC details
000 -LEADER
fixed length control field 00413nam a2200145Ia 4500
082 ## - DEWEY DECIMAL CLASSIFICATION NUMBER
Classification number RC.0071
100 ## - MAIN ENTRY--AUTHOR NAME
Personal name Chauhan, Brij Raj
245 #0 - TITLE STATEMENT
Title Rural urban interrelations of muslims in Meerut region
260 ## - PUBLICATION, DISTRIBUTION, ETC. (IMPRINT)
Year of publication 1990
Name of publisher ICSSR, New Delhi
300 ## - PHYSICAL DESCRIPTION
Number of Pages 184
650 ## - SUBJECT ADDED ENTRY--TOPICAL TERM
Topical Term MUSLIMS - UTTAR PRADESH - MEERUT
650 ## - SUBJECT ADDED ENTRY--TOPICAL TERM
Topical Term RURAL URBAN MIGRATION - UTTAR PRADESH - MEERUT
710 ## - ADDED ENTRY--CORPORATE NAME
Corporate name or jurisdiction name as entry element Meerut University
942 ## - ADDED ENTRY ELEMENTS (KOHA)
Koha item type Research Reports
Source of classification or shelving scheme Dewey Decimal Classification
Holdings
Withdrawn status Lost status Damaged status Not for loan Collection code Home library Current library Date acquired Bill Date Full call number Accession Number Price effective from Koha item type
      Not For Loan Minor Research project Reports NASSDOC Library NASSDOC Library 08/10/2004 2008-12-30 RC.0071 30492 18/04/2019 Research Reports